000 00792nam a2200301 a 4500
003 AR-BaBNM
005 20251128205554.0
008 082120s2002 ||||||||||||||000 | spa||
040 _cAR-BaBNM
100 0 _aTirso de Molina
245 0 0 _aDon Gil de las calzas verdes
260 _aBuenos Aires
_bHuemul
_c1966
300 _a155 p.
_bil.
490 0 _aClásicos Huemul
_vv. 45
500 _aContiene vocabulario en p. 151
650 4 _aLITERATURA ESPAÑOLA
650 4 _aSIGLO DIECISIETE
650 4 _aTEATRO
650 4 _aRECURSOS LITERARIOS
650 4 _aCOMEDIA
653 _aBARROCO
653 _aSIGLO DE ORO
655 _aLITERATURA
700 1 _aDughera, Eduardo A.
_eprologuista
800 1 _aPellegrini, Juan Carlos
_edirector
942 _cBK
998 _cMARTIN
999 _c11945
_d11945